000 00578 a2200241 4500
260 _bLes Editions Foucher
245 _aLa vie des sociétés : gestion et comptabilité : tome II
300 _a254 p.
260 _aParis
650 _aComptabilité des sociétés
650 _aEntreprise : gestion
260 _c1994
300 _b24cm
100 _lFr
630 _a657 - Comptabilité
037 _aDe 6805
037 _aDe 6806
650 _a6 - SCIENCES APPLIQUEES
100 _aGonthier, Marcel
020 _a2-216-00384-0
999 _c42097
_d42097